000 00624nam a2200229 a 4500
008
020 _a0340578629 (pbk.)
049 _aMAIN
090 _aQA805
245 0 0 _aMechanics 3 /
_cJohn Berry ... [et al.].
260 _aLondon :
_bHodder & Stoughton,
_c1995.
300 _a172 p. :
_bill. ;
_c25 cm.
440 0 _aMEI structured mathematics.
650 0 _aMechanics.
650 _aMechanics
_aMathematics.
700 1 _aBerry, John
907 _a.b10020214
_b26-09-05
_c17-04-03
003
005 20230123133136.0
040 _cNUST
942 _cBOOKS
_kQA805
999 _c143462
_d143462